اغانى شيراز او غزليات حافظ الشيرازى : (رقم التسجيلة. 180016)

تفاصيل مارك
000 -LEADER
fixed length control field 01708namaa22003491i 4500
003 - CONTROL NUMBER IDENTIFIER
control field EG-GICUC
005 - DATE AND TIME OF LATEST TRANSACTION
control field 20260506105509.0
008 - FIXED-LENGTH DATA ELEMENTS--GENERAL INFORMATION
fixed length control field 260506s2005 ua ||||jr|||| 001 0 ara d
017 ## - COPYRIGHT OR LEGAL DEPOSIT NUMBER
Copyright or legal deposit number 2005 / 10202
Assigning agency دار الكتب و الوثاثق القومية (مصر)
040 ## - CATALOGING SOURCE
Original cataloging agency EG-GiCUC
Language of cataloging ara
Transcribing agency EG-GiCUC
Modifying agency EG-GiCUC
Description conventions rda
082 04 - DEWEY DECIMAL CLASSIFICATION NUMBER
Edition number 21
Classification number 891.551
Item number H139
092 04 - LOCALLY ASSIGNED DEWEY CALL NUMBER (OCLC)
Edition number 21
Classification number 891.551
Item number H139
099 ## - LOCAL FREE-TEXT CALL NUMBER (OCLC)
Classification number 891.551 H139
100 1# - MAIN ENTRY--PERSONAL NAME
Personal name حافظ الشيرازى، محمد بن كمال الدين بن غياث الدين،
Dates associated with a name 791.
Relator term مؤلف.
245 10 - TITLE STATEMENT
Title اغانى شيراز او غزليات حافظ الشيرازى :
Remainder of title شاعر الغناء و الغزل فى ايران /
Statement of responsibility, etc. حافظ الشيرازى ؛ ترجمة ابراهيم أمين الشواربى ؛ تصدير محمد ابراهيم ابو سنة ، بديع محمد جمعه ، محمد السعيد عبد المؤمن ؛ تقديم طه حسين.
246 33 - VARYING FORM OF TITLE
Title proper/short title غزليات حافظ الشيرازى
264 ## - PRODUCTION, PUBLICATION, DISTRIBUTION, MANUFACTURE, AND COPYRIGHT NOTICE
Place of production, publication, distribution, manufacture القاهرة :
Name of producer, publisher, distributor, manufacturer المجلس الاعلى للثقافة،
Date of production, publication, distribution, manufacture, or copyright notice 2005.
300 ## - PHYSICAL DESCRIPTION
Extent 2مجلد
Other physical details ؛
Dimensions 24 سم.
336 ## - CONTENT TYPE
Source rdacontent
Content type term text
337 ## - MEDIA TYPE
Source rdamedia
Media type term Unmediated
338 ## - CARRIER TYPE
Source rdacarrier
Carrier type term volume
490 ## - SERIES STATEMENT
Series statement المشروع القومى للترجمه ؛
Volume/sequential designation 882
504 ## - BIBLIOGRAPHY, ETC. NOTE
Bibliography, etc. note يشتمل على ارجاعات ببليوجرافية وكشاف
541 ## - IMMEDIATE SOURCE OF ACQUISITION NOTE
Source of acquisition د. جار عصفور ؛
Address القاهرة ؛
Method of acquisition إهداء ؛
Date of acquisition 2024.
650 17 - SUBJECT ADDED ENTRY--TOPICAL TERM
Topical term or geographic name entry element الشعر الفارسى
Source of heading or term qrmak
650 17 - SUBJECT ADDED ENTRY--TOPICAL TERM
Topical term or geographic name entry element الادب الفارسى
Source of heading or term qrmak
651 1# - SUBJECT ADDED ENTRY--GEOGRAPHIC NAME
Source of heading or term qrmak
700 1# - ADDED ENTRY--PERSONAL NAME
Personal name الشواربى، ابراهيم امين
Relator term مترجم.
700 1# - ADDED ENTRY--PERSONAL NAME
Personal name حسين، طه.
Relator term مقدم.
905 ## - Cataloger and Reviser Names
Cataloger Name Noha
942 ## - ADDED ENTRY ELEMENTS (KOHA)
Source of classification or shelving scheme Dewey Decimal Classification
Koha item type Books
Edition 21
Suppress in OPAC No
المقتنيات
Withdrawn status Lost status Source of classification or shelving scheme Damaged status Not for loan Home library Current library Date acquired Inventory number Total checkouts Full call number Barcode Date last seen Price effective from Koha item type
    Dewey Decimal Classification   Not for loan المكتبة المركزبة الجديدة - جامعة القاهرة قاعة المكتبات المهداة - الدور الرابع 06.05.2026 175432   891.551 H139 v.1 J.U, 01000100175432001 06.05.2026 06.05.2026 Books
    Dewey Decimal Classification   Not for loan المكتبة المركزبة الجديدة - جامعة القاهرة قاعة المكتبات المهداة - الدور الرابع 06.05.2026 175432   891.551 H139 v.2 J.U, 01000100175432002 06.05.2026 06.05.2026 Books
Cairo University Libraries Portal Implemented & Customized by: Eng. M. Mohamady Contacts: new-lib@cl.cu.edu.eg | cnul@cl.cu.edu.eg
CUCL logo CNUL logo
© All rights reserved — Cairo University Libraries
CUCL logo
Implemented & Customized by: Eng. M. Mohamady Contact: new-lib@cl.cu.edu.eg © All rights reserved — New Central Library
CNUL logo
Implemented & Customized by: Eng. M. Mohamady Contact: cnul@cl.cu.edu.eg © All rights reserved — Cairo National University Library